| 000 | 00620cam a2200253 4500 | ||
|---|---|---|---|
| 008 | 000000n2000 000 0 eng u | ||
| 020 | _a1841740071 | ||
| 035 | _a(Sirsi) u105619 | ||
| 050 | _a346.410434 | ||
| 110 | _aInns of Court School of Law | ||
| 245 | _aLandlord and tenant practice | ||
| 250 | _a3rd | ||
| 260 |
_aLondon _bBlackstone Press _c2000 |
||
| 300 | _axxv, 219p. ; 30cm. | ||
| 350 | _a22.95 | ||
| 650 | _aLAW | ||
| 650 | _aTENANCIES | ||
| 650 | _aLEASES | ||
| 650 | _aAGRICULTURAL | ||
| 650 | _aRESIDENTIAL | ||
| 650 | _aCOMMERCIAL | ||
| 690 | _aLANDLORD AND TENANT LAW | ||
| 942 | _n0 | ||
| 999 |
_c100450 _d100450 |
||